00918nam a2200241Ia 4500952011300000952009700113999001700210008004100227020001500268050002100283100004300304245007900347260002400426300001800450500006200468500000600530504003300536519004400569650001500613650001400628650002200642942001200664 00104070a14b14d2010-12-01l30m1oHD57.7 M86 2006p14 003737r2024-08-17s2024-07-27t1w2012-10-28yLB 00104070a22b22d2019-07-08l0oHD57.7 M86 2005p24 001163r2019-07-08t1w2019-07-08yLB c85790d85790121028s2006 mx a 000 0 spa d a9682473659 aHD57.7bM86 2006 aMünch Galindo, Lourdescautoreautor aLiderazgo y direcciónb : el liderazgo del siglo XXIc / Lourdes Münch aMéxicob: Trillas a116 páginas aIncluye: introducción (pp. 5-6) glosario (pp. 111-113) a  6Bibliografía (pp. 115-116) aMaterial Complementario / d(24 001163) 0aLIDERAZGO  0aAPTITUDES 0aADMINISTRACIÓN  cLB2lcc